[Event "Gibraltar Amateurs op-B"]
[Site "Caleta"]
[Date "2020.01.25"]
[Round "1"]
[White "Diaz Gallego, Saul"]
[Black "Naldrett, Geoffrey William"]
[Result "1-0"]
[WhiteElo "1801"]
[BlackElo "1526"]
[PlyCount "83"]
[EventDate "2020.01.20"]
[EventType "swiss"]
[EventRounds "5"]
[EventCountry "GGB"]
[SourceTitle "CBM 194 Extra"]
[Source "ChessBase"]
[SourceDate "2020.03.31"]
[SourceVersion "1"]
[SourceVersionDate "2020.03.31"]
[SourceQuality "1"]

1. d4 Nf6 2. Bf4 d6 3. Nf3 g6 4. e3 Bg7 5. Bc4 0-0 6. c3 h6 7. h3 b6 8. Nbd2 Bb7 9. Qc2 Nbd7 10. 0-0 c5 11. Rad1 Qc7 12. Qxg6 d5 13. Qxg7+ Kxg7 14. Bxc7 dxc4 15. Nxc4 Rac8 16. Be5 Bxf3 17. gxf3 b5 18. Bxf6+ Nxf6 19. Ne5 c4 20. d5 Rfd8 21. e4 h5 22. Kh2 Kf8 23. Nc6 Rd7 24. Nd4 a6 25. a4 Rb8 26. axb5 axb5 27. Ra1 Rdb7 28. Ra6 Rb6 29. Rfa1 Nd7 30. Rxb6 Rxb6 31. Ra8+ Kg7 32. Nf5+ Kf6 33. Rh8 e6 34. Ne3 Ne5 35. Rxh5 Nxf3+ 36. Kg3 Kg6 37. Rh8 Ne5 38. dxe6 fxe6 39. f4 Nd3 40. f5+ exf5 41. Nxf5 Nxb2 42. Rh6+ 1-0

[Event "Torquay Morning Thynne op"]
[Site "Torquay"]
[Date "2019.09.06"]
[Round "5"]
[White "Foster, Paul"]
[Black "Naldrett, Geoffrey William"]
[Result "1/2-1/2"]
[WhiteElo "1571"]
[BlackElo "1526"]
[PlyCount "52"]
[EventDate "2019.09.02"]
[EventType "swiss"]
[EventRounds "5"]
[EventCountry "ENG"]
[SourceTitle "CBM 195 Extra"]
[Source "ChessBase"]
[SourceDate "2020.05.31"]
[SourceVersion "1"]
[SourceVersionDate "2020.05.31"]
[SourceQuality "1"]

1. e4 c6 2. d4 d5 3. e5 Bf5 4. g4 Bg6 5. h4 h6 6. g5 e6 7. Bd3 Bxd3 8. Qxd3 Ne7 9. Ne2 Nf5 10. Ng3 Qd7 11. Nxf5 exf5 12. Nc3 Na6 13. Ne2 Be7 14. c3 Nc7 15. Nf4 g6 16. Bd2 Ne6 17. Ne2 0-0 18. f4 c5 19. Kf2 Rac8 20. Rhc1 Rc6 21. Rc2 Rfc8 22. Rac1 Ra6 23. a3 Rb6 24. b4 cxb4 25. cxb4 Rbc6 26. Rxc6 Rxc6 1/2-1/2

[Event "Paignton Morning Thynne op"]
[Site "Torquay"]
[Date "2018.09.06"]
[Round "4"]
[White "Chadaway, Stephen M"]
[Black "Naldrett, Geoffrey William"]
[Result "1/2-1/2"]
[WhiteElo "1450"]
[BlackElo "1557"]
[PlyCount "120"]
[EventDate "2018.09.03"]
[EventType "swiss"]
[EventRounds "5"]
[EventCountry "ENG"]
[SourceTitle "EXT 2021"]
[Source "ChessBase"]
[SourceDate "2020.10.23"]
[SourceVersion "1"]
[SourceVersionDate "2020.10.23"]
[SourceQuality "1"]

1. d4 Nf6 2. c4 e6 3. Nf3 Bb4+ 4. Bd2 Bxd2+ 5. Nbxd2 d5 6. e3 0-0 7. Bd3 c5 8. dxc5 Qa5 9. cxd5 exd5 10. 0-0 Qxc5 11. Rc1 Qb6 12. Qc2 Nc6 13. a3 Bg4 14. h3 Bh5 15. b4 Rac8 16. Bf5 Bg6 17. Bxg6 hxg6 18. Qc5 Qxc5 19. Rxc5 b6 20. Rc2 Ne7 21. Rfc1 Rxc2 22. Rxc2 Rc8 23. Nd4 Rxc2 24. Nxc2 Kf8 25. Nf3 Ne4 26. Nfd4 Ke8 27. f3 Nd6 28. Kf2 Kd7 29. b5 Ndf5 30. Ke2 Kd6 31. Kd3 Nxd4 32. Nxd4 Kc5 33. g4 Nc8 34. Kc3 Nd6 35. a4 Nc4 36. Nb3+ Kd6 37. Kd4 Nb2 38. a5 Nc4 39. axb6 Nxb6 40. Na5 f6 41. e4 dxe4 42. fxe4 g5 43. Nb7+ Kc7 44. Nc5 Kd6 45. Na6 Nd7 46. Nb4 Ne5 47. Ke3 Kc5 48. Na6+ Kxb5 49. Nc7+ Kc4 50. Ne6 a5 51. Nxg7 a4 52. Nf5 a3 53. Nd4 Kc3 54. Nb5+ Kb2 55. Nxa3 Kxa3 56. Kd4 Nf3+ 57. Kd5 Ng1 58. Ke6 Nxh3 59. Kxf6 Nf2 60. e5 Nxg4+ 1/2-1/2

[Event "Paignton Morning Thynne op"]
[Site "Torquay"]
[Date "2018.09.05"]
[Round "3"]
[White "Naldrett, Geoffrey William"]
[Black "Hunt, Ray K"]
[Result "1-0"]
[WhiteElo "1557"]
[BlackElo "1438"]
[PlyCount "43"]
[EventDate "2018.09.03"]
[EventType "swiss"]
[EventRounds "5"]
[EventCountry "ENG"]
[SourceTitle "EXT 2021"]
[Source "ChessBase"]
[SourceDate "2020.10.23"]
[SourceVersion "1"]
[SourceVersionDate "2020.10.23"]
[SourceQuality "1"]

1. c4 e5 2. Nc3 c6 3. Nf3 d6 4. d4 exd4 5. Nxd4 Nf6 6. e4 Nbd7 7. Be2 Ne5 8. h3 Bd7 9. Bf4 Qa5 10. 0-0 g6 11. Bg5 Bg7 12. f4 Nxc4 13. Bxc4 Nh5 14. Nce2 Qb6 15. Kh2 0-0 16. Qd2 Rfe8 17. Qd3 d5 18. exd5 cxd5 19. Bxd5 h6 20. Bh4 Qd6 21. Nb5 Qb6 22. Bxf7+ 1-0

[Event "Torquay Paignton Bloodworth op"]
[Site "Torquay"]
[Date "2018.09.02"]
[Round "1"]
[White "Naldrett, Geoffrey William"]
[Black "Shepherd, Graham C"]
[Result "0-1"]
[WhiteElo "117"]
[BlackElo "132"]
[PlyCount "68"]
[EventDate "2018.09.02"]
[EventType "swiss"]
[EventRounds "7"]
[EventCountry "ENG"]
[SourceTitle "CBM 187 Extra"]
[Source "ChessBase"]
[SourceDate "2018.11.04"]
[SourceVersion "1"]
[SourceVersionDate "2018.11.04"]
[SourceQuality "1"]

1. c4 Nf6 2. Nc3 e5 3. d4 exd4 4. Qxd4 Nc6 5. Qd1 Bc5 6. e3 0-0 7. Be2 d6 8. Nf3 Bf5 9. a3 a6 10. 0-0 Qe7 11. Nd4 Bd7 12. Nxc6 Bxc6 13. Bf3 Bxf3 14. Qxf3 c6 15. b4 Bb6 16. Bb2 Bc7 17. Rfe1 Qe6 18. Qe2 d5 19. cxd5 Nxd5 20. Nxd5 Qxd5 21. Rad1 Qe6 22. e4 Rad8 23. Ba1 Rd6 24. e5 Rxd1 25. Rxd1 Rd8 26. Rxd8+ Bxd8 27. Qd3 Bb6 28. g3 f6 29. Qd6 Qxd6 30. exd6 Kf7 31. h4 Ke6 32. g4 Kxd6 33. Kg2 Kd5 34. f4 Bd4 0-1

[Event "Gibraltar Amateur op-A"]
[Site "Caleta"]
[Date "2018.01.22"]
[Round "1"]
[White "Johansson, Daniel3333"]
[Black "Naldrett, Geoffrey William"]
[Result "0-1"]
[WhiteElo "1832"]
[BlackElo "1547"]
[PlyCount "60"]
[EventDate "2018.01.22"]
[EventType "swiss"]
[EventRounds "5"]
[EventCountry "GGB"]
[SourceTitle "EXT 2019"]
[Source "ChessBase"]
[SourceDate "2018.10.10"]
[SourceVersion "1"]
[SourceVersionDate "2018.10.10"]
[SourceQuality "1"]

1. e4 c6 2. Nf3 d5 3. exd5 cxd5 4. d4 Nf6 5. Be2 Bf5 6. 0-0 e6 7. c4 dxc4 8. Bxc4 Be7 9. Nc3 0-0 10. Bg5 Nc6 11. h3 Rc8 12. Bd3 Bxd3 13. Qxd3 a6 14. a3 h6 15. Bh4 Nd5 16. Bxe7 Ndxe7 17. b4 Qc7 18. Rac1 Rfd8 19. Qe4 Nd5 20. Nxd5 Rxd5 21. Rc5 Rcd8 22. Rfc1 Qd6 23. g3 g6 24. R5c4 Kg7 25. Kg2 a5 26. Rb1 axb4 27. axb4 Rd7 28. Qe3 Nxd4 29. Nxd4 Rxd4 30. Qc3 Qd5+ 0-1

[Event "Gibraltar Amateur op-B"]
[Site "Caleta"]
[Date "2016.02.03"]
[Round "5"]
[White "Naldrett, Geoffrey William"]
[Black "Boabaid, Jorge Alberto Duard"]
[Result "0-1"]
[WhiteElo "1602"]
[BlackElo "1895"]
[PlyCount "62"]
[EventDate "2016.01.30"]
[EventType "swiss"]
[EventRounds "5"]
[EventCountry "GGB"]
[SourceTitle "CBM 170 Extra"]
[Source "ChessBase"]
[SourceDate "2016.02.25"]
[SourceVersion "1"]
[SourceVersionDate "2016.02.25"]
[SourceQuality "1"]

1. c4 Nf6 2. Nc3 e6 3. g3 c5 4. Bg2 Nc6 5. Nf3 d5 6. cxd5 exd5 7. d4 Be7 8. 0-0 0-0 9. a3 Re8 10. e3 c4 11. Nd2 Bg4 12. Qc2 Qd7 13. b4 cxb3 14. Nxb3 b6 15. Re1 Rac8 16. Qd2 Bf8 17. Bb2 Bf5 18. Nxd5 Nxd5 19. e4 Bg6 20. exd5 Ne7 21. Re2 Rc2 22. Qe3 Rxe2 23. Qxe2 Nxd5 24. Qc4 Be4 25. Nd2 Bxg2 26. Kxg2 Rd8 27. Qd3 Qg4 28. Kh1 Qh3 29. Qe4 Nf6 30. Qd3 Ng4 31. Nf3 Nxf2+ 0-1

[Event "Gibraltar Challengers1-B"]
[Site "Gibraltar"]
[Date "2009.01.30"]
[Round "4"]
[White "Barros Campoy, Jose Manuel"]
[Black "Naldrett, Geoffrey William"]
[Result "0-1"]
[WhiteElo "1840"]
[BlackElo "1917"]
[PlyCount "102"]
[EventDate "2009.01.27"]
[EventType "swiss"]
[EventRounds "5"]
[EventCountry "ENG"]
[SourceTitle "EXT 2012"]
[Source "ChessBase"]
[SourceDate "2011.11.24"]
[SourceVersion "1"]
[SourceVersionDate "2011.11.24"]
[SourceQuality "1"]

1. d4 Nf6 2. Bg5 e6 3. e3 Be7 4. Nd2 c5 5. Bxf6 Bxf6 6. c3 b6 7. dxc5 bxc5 8. Ne4 Be7 9. Nd6+ Bxd6 10. Qxd6 Qb6 11. 0-0-0 Qxd6 12. Rxd6 Ke7 13. Rd1 d5 14. Nf3 Nd7 15. Bb5 f6 16. Bxd7 Bxd7 17. Rd2 Bc6 18. Rhd1 Rhd8 19. Ne1 Rac8 20. Kb1 Bb5 21. b3 a6 22. Kb2 Bc6 23. Nd3 Bb5 24. Ne1 a5 25. Nc2 Bc6 26. b4 axb4 27. cxb4 Ba4 28. bxc5 Rxc5 29. Rc1 Rb8+ 30. Ka1 Rbc8 31. Kb1 Kd6 32. e4 Bxc2+ 33. Rdxc2 Rxc2 34. Rxc2 Rxc2 35. Kxc2 dxe4 36. Kd2 g5 37. Ke3 f5 38. f4 g4 39. g3 Kc5 40. Kd2 Kb4 41. Kc2 Ka3 42. Kc3 Kxa2 43. Kd4 Kb2 44. Kc4 Kc2 45. Kd4 Kd2 46. Ke5 e3 47. Kxe6 e2 48. Kxf5 e1Q 49. Kxg4 Qe2+ 50. Kg5 Qxh2 51. g4 Ke3 0-1

[Event "Gibraltar Challengers1-B"]
[Site "Gibraltar"]
[Date "2009.01.27"]
[Round "1"]
[White "Naldrett, Geoffrey William"]
[Black "Vargas Salgado, Raul"]
[Result "1-0"]
[WhiteElo "1917"]
[BlackElo "1156"]
[PlyCount "69"]
[EventDate "2009.01.27"]
[EventType "swiss"]
[EventRounds "5"]
[EventCountry "ENG"]
[SourceTitle "EXT 2012"]
[Source "ChessBase"]
[SourceDate "2011.11.24"]
[SourceVersion "1"]
[SourceVersionDate "2011.11.24"]
[SourceQuality "1"]

1. e4 c5 2. c3 Nc6 3. d4 cxd4 4. cxd4 e6 5. Nf3 d5 6. e5 g6 7. Bb5 Qa5+ 8. Nc3 Bb4 9. Bd2 Bxc3 10. Bxc6+ bxc6 11. Bxc3 Qb6 12. 0-0 Ba6 13. Re1 Ne7 14. Nd2 Qd8 15. Nb3 0-0 16. Nc5 Bc8 17. Re3 Nf5 18. Rh3 f6 19. f4 fxe5 20. fxe5 Qg5 21. Bd2 Qe7 22. Qa4 Qf7 23. Rf3 Qc7 24. Raf1 Bd7 25. Ba5 Qc8 26. g4 Rb8 27. Bc3 Qc7 28. gxf5 exf5 29. Na6 c5 30. Qd1 Qb7 31. Nxb8 Bb5 32. Re1 cxd4 33. Qxd4 Rxb8 34. e6 Re8 35. Qh8# 1-0

[Event "Guernsey Holiday op 33rd"]
[Site "Guernsey"]
[Date "2007.10.26"]
[Round "6"]
[White "Naldrett, Geoffrey William"]
[Black "Carlucci, Paul A"]
[Result "0-1"]
[WhiteElo "1520"]
[BlackElo "1704"]
[PlyCount "54"]
[EventDate "2007.10.21"]
[EventType "swiss"]
[EventRounds "7"]
[EventCountry "GCI"]
[SourceTitle "EXT 2022"]
[Source "ChessBase"]
[SourceDate "2021.10.06"]
[SourceVersion "1"]
[SourceVersionDate "2021.10.06"]
[SourceQuality "1"]

1. c4 e5 2. Nc3 Nf6 3. g3 Nc6 4. Bg2 Bc5 5. h3 0-0 6. Nf3 a6 7. 0-0 d6 8. d3 Bd7 9. Kh2 Rb8 10. a3 b5 11. cxb5 axb5 12. b4 Bd4 13. Nxd4 Nxd4 14. e3 Ne6 15. d4 h6 16. d5 Ng5 17. e4 Qc8 18. Bxg5 hxg5 19. Qd2 Nh7 20. Rac1 Qd8 21. Ne2 f5 22. exf5 Bxf5 23. g4 Bd7 24. Rc3 Nf6 25. Qc2 Rb7 26. Rf3 Ra7 27. Qd3 e4 0-1

[Event "Guernsey Holiday op"]
[Site "Grand Harve Bay"]
[Date "2006.10.18"]
[Round "4"]
[White "Naldrett, Geoffrey William"]
[Black "O'Connor, Jonathan"]
[Result "1-0"]
[WhiteElo "1568"]
[BlackElo "1605"]
[PlyCount "99"]
[EventDate "2006.10.15"]
[EventType "swiss"]
[EventRounds "7"]
[EventCountry "GCI"]
[SourceTitle "EXT 2008"]
[Source "ChessBase"]
[SourceDate "2007.11.25"]
[SourceVersion "1"]
[SourceVersionDate "2007.11.25"]
[SourceQuality "1"]

1. e4 c5 2. c3 d5 3. exd5 Qxd5 4. d4 c4 5. Qf3 Be6 6. Na3 Qc6 7. Qxc6+ Nxc6 8. Bxc4 Bxc4 9. Nxc4 Rc8 10. Ne5 e6 11. Ngf3 f6 12. Nd3 Bd6 13. 0-0 Nge7 14. Re1 Kf7 15. Bf4 Bc7 16. Re2 Nd5 17. Bxc7 Rxc7 18. Rae1 Re8 19. Nd2 b5 20. Ne4 Rd8 21. Nec5 e5 22. dxe5 Nxe5 23. Nxe5+ fxe5 24. Nd3 Kf6 25. Nxe5 Re7 26. Ng4+ Kg5 27. Rxe7 Nxe7 28. f3 Nf5 29. Kf2 h5 30. Ne5 Rd2+ 31. Re2 Rxe2+ 32. Kxe2 Kf6 33. Nc6 a6 34. b4 Ke6 35. Nb8 Kd5 36. g4 hxg4 37. fxg4 Nh4 38. Kd3 Nf3 39. Nxa6 Nxh2 40. Nc7+ Kc6 41. Ne6 Nxg4 42. Nxg7 Kd5 43. Nf5 Ne5+ 44. Kc2 Nc4 45. Nd4 Na3+ 46. Kb3 Nb1 47. Nxb5 Nd2+ 48. Kc2 Nc4 49. a4 Ne3+ 50. Kd3 1-0

[Event "Guernsey Holiday op"]
[Site "Guernsey"]
[Date "2002.10.25"]
[Round "6"]
[White "Smith, Ewart J"]
[Black "Naldrett, Geoffrey William"]
[Result "0-1"]
[WhiteElo "1536"]
[BlackElo "1672"]
[PlyCount "66"]
[EventDate "2002.10.20"]
[EventType "swiss"]
[EventRounds "7"]
[EventCountry "GCI"]
[SourceTitle "EXT 2004"]
[Source "ChessBase"]
[SourceDate "2003.11.25"]
[SourceVersion "1"]
[SourceVersionDate "2003.11.25"]
[SourceQuality "1"]

1. d4 Nf6 2. Nf3 g6 3. Nc3 d5 4. Bf4 Bg7 5. e3 0-0 6. Be2 a6 7. Ne5 Nbd7 8. h4 h5 9. Bg5 c6 10. f3 Nh7 11. Nxd7 Bxd7 12. e4 f6 13. Be3 dxe4 14. Bc4+ Kh8 15. Nxe4 b6 16. Qd2 a5 17. g4 Qc8 18. gxh5 gxh5 19. Bh6 e6 20. Nd6 Qd8 21. Rg1 Bxh6 22. Qxh6 Qe7 23. 0-0-0 Rg8 24. Ne4 Qf7 25. Nd6 Qe7 26. Bd3 f5 27. Nc4 Rxg1 28. Rxg1 Rg8 29. Rxg8+ Kxg8 30. Qxh5 Qg7 31. Ne5 Qg1+ 32. Kd2 Qf2+ 33. Kc3 Qe1+ 0-1